Nasarud-Durrtranslation (Record no. 2928)

MARC details
000 -LEADER
fixed length control field 00584nam a2200241 a 4500
020 ## - INTERNATIONAL STANDARD BOOK NUMBER
ISBN
082 00 - DEWEY DECIMAL CLASSIFICATION NUMBER
Classification number 297.09
Author Cutter ALW
100 ## - MAIN ENTRY--AUTHOR NAME
Author name Al-Waqidi, Umar
245 ## - TITLE STATEMENT
Title Nasarud-Durrtranslation
260 ## - PUBLICATION, DISTRIBUTION, ETC. (IMPRINT)
Place of publication Lahore
Name of publisher Matba Gulzar Mohammadi
Year of publication 1337
300 ## - PHYSICAL DESCRIPTION
Number of Pages 860p.
500 ## - GENERAL NOTE
General note includes index and biblioraphy
505 2# - FORMATTED CONTENTS NOTE
Formatted contents note vol.1 and 4 only
650 ## - SUBJECT ADDED ENTRY--TOPICAL TERM
Topical Term Islam-History
942 ## - ADDED ENTRY ELEMENTS (KOHA)
Koha item type Books
700 1# -
-- Al-Waqidi, Umar
Holdings
Collection code Home library Current library Date acquired Cost, normal purchase price Full call number Accession Number Koha item type
  Henry Martyn Institute Library Henry Martyn Institute Library 07/23/2007 100.00 297.09 ALW 04240 Books
                   Copyright © 2026 | Henry Martyn Institute | Hyderabad | TS-500052 | INDIA | Implemented by hmi.edu.in
Hit-Count:

Powered by Koha